000 00716nam a22002057a 4500
003 NALT
005 20250818221613.0
008 231117b th ||||| |||| 00| 0 tha d
040 _aNALT
100 0 _962134
_aสุรตี
245 1 0 _aคนล่าสาป (ภาค 1) /
_cสุรตี.
_h[electronic resource]
260 _aกรุงเทพฯ
_bม.ป.พ.,
_c2564.
300 _aOnline resource
650 4 _96428
_aนวนิยายไทย
850 _aNALT
856 4 0 _uhttps://ebook.parliament.go.th/ebookall/detail/434097
_zE-Book
942 _cEBK
996 _achunbijaya.r
_bCATSTF
_c2023-11-17
999 _c103837
_d103837
998 _j25
_k นีลวัสน์ อินทรักษา